Phương pháp giáo dục thể chất trẻ em
TC017 Phương pháp tổ chức hoạt động giáo dục thể chất trẻ em
Guardat en:
| Autor principal: | |
|---|---|
| Format: | Llibre |
| Idioma: | Undetermined |
| Publicat: |
H.
ĐH Quốc gia Hà Nội
2005
|
| Matèries: | |
| Accés en línia: | http://lrc.tdmu.edu.vn/opac/search/detail.asp?aID=2&ID=4325 |
| Etiquetes: |
Afegir etiqueta
Sense etiquetes, Sigues el primer a etiquetar aquest registre!
|
| Thư viện lưu trữ: | Trung tâm Học liệu Trường Đại học Thủ Dầu Một |
|---|
| LEADER | 00750nam a2200205Ia 4500 | ||
|---|---|---|---|
| 001 | TDMU_4325 | ||
| 008 | 210410s9999 xx 000 0 und d | ||
| 082 | |a 372.2186 | ||
| 090 | |b H407 | ||
| 100 | |a Hoàng, Thị Bưởi | ||
| 245 | 0 | |a Phương pháp giáo dục thể chất trẻ em | |
| 245 | 0 | |c Hoàng Thị Bưởi | |
| 260 | |a H. | ||
| 260 | |b ĐH Quốc gia Hà Nội | ||
| 260 | |c 2005 | ||
| 300 | |a 134tr. | ||
| 520 | |a TC017 Phương pháp tổ chức hoạt động giáo dục thể chất trẻ em | ||
| 650 | |a Giáo dục mầm non |x Thể chất | ||
| 856 | |u http://lrc.tdmu.edu.vn/opac/search/detail.asp?aID=2&ID=4325 | ||
| 980 | |a Trung tâm Học liệu Trường Đại học Thủ Dầu Một | ||